| 000 | 00000nam 2200000za 4500 |
| 001 | 9.574705 |
| 003 | CaOODSP |
| 005 | 20250814102908 |
| 007 | cr ||||||||||| |
| 008 | 150406|1996||||xxc|||||o f|0| 0 eng d |
| 022 | |a1205-9153 |
| 040 | |aCaOODSP|beng |
| 043 | |an-cn--- |
| 086 | 1 |aCS11-0019/88E-PDF |
| 100 | 1 |aBaldwin, John R. |q(John Russel) |
| 245 | 00|aWere small producers the engines of growth in the Canadian manufacturing sector in the 1980s? / |h[electronic resource]|cby John R. Baldwin. |
| 260 | |aOttawa - Ontario : |bStatistics Canada |cOctober 3, 1996. |
| 300 | |a31p.|bgraphs, references, tables |
| 490 | 1 |aAnalytical Studies Branch research paper series|x1205-9153|vNo. 88 |
| 500 | |aThe catalogue number (11F0019MPE), ISBN (0-660-16636-4) and ISSN (1200-5223) for the print edition have been incorrectly copied in this electronic publication. |
| 590 | |a12-34-Supp|b2012-07-31 |
| 710 | 2 |aStatistics Canada. |
| 775 | 08|tLes petits producteurs ont-ils été le moteur de la croissance du secteur manufacturier canadien au cours des années 1980? / |w(CaOODSP)9.604440 |
| 830 | #0|aResearch paper series (Statistics Canada. Analytical Studies Branch)|x1205-9153|vNo. 88|w(CaOODSP)9.504421 |
| 856 | 40|ahttp://publications.gc.ca|qPDF|s192 KB|uhttps://publications.gc.ca/collections/Collection/CS11-0019-88E.pdf|yNo. 88 |